MDQL
is popping MORE tags! Check the
thread
!
Quizzes
Events
Quiz Creation
Community
Videos
Private Events
Remove Ads
Sign In
Join for FREE
Feedback
Dark Mode
Quiz Categories
Sports
Geography
Music
Movies
Television
Just For Fun
Miscellaneous
History
Literature
Language
Science
Gaming
Entertainment
Religion
Holiday
For Kids
Quiz Lab
Recent
Popular Today
Quiz Kudos Today
Editor Picks
Curator Picks
Quizzes by...
Day
Popularity
Type
Ratings
Length
Year
Community
Subscriptions
Recent Discussions
Orange Saloon
Badges
Playlists
Quests
Create
Leaderboards
Showdown
Live 5
Trivia Bingo
Activity
Puzzle Library
Sporcle Events
Private Events
Virtual Trivia
Globe League
Become a Host
Pub Owners
SporcleCon
Opinionation
Our Games
Videos
Blog
Mobile Apps
Partnerships
Remove Ads and Go Orange
Feedback
Movies
Disney
Marvel Cinematic Universe
Movie Resume
Movie Titles
Oscar
Actor
Actress
Director
Pixar
Role
Movie Quotes
Movie Characters
Box Office
Nominee
Best Picture
Star Wars
James Bond
Horror Movies
Movies
Disney
Marvel Cinematic Universe
Movie Resume
Movie Titles
Oscar
Actor
Actress
Director
Pixar
Role
Movie Quotes
Movie Characters
Box Office
Nominee
Best Picture
Star Wars
James Bond
Horror Movies
Random Quiz
Search Sporcle
×
Quiz Lab
Quiz Lab
Movies
iron
Type in answers that appear in a list
Type in answers that appear in a list
Classic
Best Score? Go Orange.
Jeremy Irons Movies Stats
Can you name the Jeremy Irons Movies?
By
swallowtail
12m
37 Questions
238 Plays
238 Plays
238 Plays
Comments
Comments
Give Quiz Kudos
Give Quiz Kudos
-
- Ratings
hide this ad
Replay
Link that replays current quiz
Next Quiz
Link to next quiz in quiz playlist
You Got
0%
They Got
Avg Score
34%
Avg Friend Score
Upgrade to see
Score Distribution
Jump to the score distribution portion of the page
Score
0/37
Timer
12:00
0
Plays Today
Year
Movie
% Correct
1994
The Lion King
87.4%
1995
Die Hard: With a Vengeance
74.4%
1998
The Man in the Iron Mask
63.4%
1990
Reversal of Fortune
61.8%
1997
Lolita
60.9%
2002
The Time Machine
55.5%
1988
Dead Ringers
53.4%
1986
The Mission
52.9%
2006
Eragon
51.7%
1981
The French Lieutenant's Woman
49.6%
1992
Damage
41.2%
2000
Dungeons & Dragons
40.8%
1993
M. Butterfly
38.7%
2004
The Merchant of Venice
35.3%
2005
Kingdom of Heaven
34.5%
1991
Kafka
33.2%
1984
Swann In Love
30.7%
2008
Appaloosa
29.8%
1993
The House of the Spirits
28.2%
Year
Movie
% Correct
2009
The Pink Panther 2
27.3%
2005
Casanova
26.9%
1983
Betrayal
25.2%
2004
Being Julia
25.2%
1982
Moonlighting
24.4%
2002
And Now... Ladies and Gentlemen
23.5%
1988
A Chorus of Disapproval
21.8%
1996
Stealing Beauty
21.4%
1997
Chinese Box
20.6%
1980
Nijinsky
19.7%
2002
Callas Forever
19.3%
2006
Inland Empire
19.3%
1992
Waterland
18.9%
1989
Australia
18.1%
1992
From Time to Time
13.9%
1984
The Wild Duck
13.4%
2004
Mathilde
12.6%
2001
The Fourth Angel
12.2%
Quiz Playlist
Details
Report
Send in Message
Add To Playlist
Classic:
Type in answers that appear in a list
Quiz Source
Last Updated: Feb 16, 2017
Quiz Scoreboard
CHALLENGE
Sign Up to Join the Scoreboard
Show All
Scores
Hide
Comments
May contain spoilers
Recently Published
Colored Red Africa Blitz
by spor1
Geography
30s
Find the 'City' Movie
by crazypaving
Movies
60s
5x2 Blitz: Bands
by SL_Kpop136
Music
30s
More to Explore
Quiz From the Vault
Featured Blog Post
14 Easter Pick-up Lines to Find Eggs With
hide this ad
You Might Also Like...
Tags
Character
iron
Jeremy
Jeremy Irons
Today's Top Quizzes in Movies
Browse Movies
hide this ad
Today's Top Quizzes in iron
Browse iron
Top Contributed Quizzes in Movies
1
Find The 'Big' Movie
2
Find The 'Blue' Movie
3
Find The 'Wild' Movie
4
Movies By Plot
5
Hidden Star Wars Character II
6
Pick 5 Posters: Directed by Spielberg
7
Hidden Star Wars Character III
8
Hidden Star Wars Character IV
9
25 Best Actor Nominees (1990s)
10
Alfred Hitchcock Movies by Plot
Explore More
Trending Topics
Marvel
Crossword
Harry Potter
NBA
Disney
Kpop
Anime
The Office
Soccer
NFL
Country
Song
WWE
Puzzle
Pokémon
hide this ad
More By:
swallowtail
Quiz
Plays
Rating
Category
Featured
Created
Jeremy Irons Movies
238
Movies
Feb 1, 2010
Solo Albums by Rolling Stones
28
Music
Feb 2, 2010
Pret a Porter Main Cast and Cameos
8
Movies
Apr 20, 2010
Go to Creator's Profile
Score Distribution
Quiz Creator Spotlight
swallowtail
Follow
Send a Message
Quizzes Created
-
Created Quiz Play Count
-
More By This Creator
Popular Quizzes Today
1
Colored Red Africa Blitz
2
Find the 'City' Movie
3
5x2 Blitz: Bands
4
Find the US States - No Outlines Minefield
5
The Countries of the World
6
Find the US States
7
US States
8
Find the Countries of Europe - No Outlines Minefield
More Movies Quizzes
5-Star Oscar Nominated Actors
Published
Trending Quizzes
Colored Red Europe Blitz I
Colored Red Europe Blitz II
Colored Red Africa Blitz II
Colored Red Europe Blitz III
Colored Red Africa Blitz III
Recently Updated
How Do You Spell That?
pecheneg
Godzilla Movies
pecheneg
Grab Bag: 4-10 Letters
pecheneg
2024 March Madness Bracket
pecheneg
Famous TV Couples
Peacemaker
Champions League XIs: Real Madrid
pecheneg
Largest US Cities 1790-2010
pecheneg
Rides in Walt Disney World
pecheneg
Most Oscar Losses (Acting)
pecheneg
Beyoncé Albums
pecheneg
Trending Topics
Kpop
Crossword
NBA
Harry Potter
Disney
Marvel
Anime
The Office
Country
Song
NFL
Puzzle
Pokémon
Soccer
WWE
Your Account Isn't Verified!
In order to create a playlist on Sporcle, you need to verify the email address you used during registration. Go to your
Sporcle Settings
to finish the process.
Report this User
Report this user for behavior that violates our
Community Guidelines
.
Details:
Send Report
Go to the Sporcle.com Mobile Site →
Comments